[Event "GRE-chT U16 9th"]
[Site "Thessaloniki"]
[Date "2016.12.15"]
[Round "1.2"]
[White "Papaioannou, Paris"]
[Black "Nikolakis, Panagiotis Marios"]
[Result "0-1"]
[WhiteElo "1086"]
[BlackElo "1934"]
[PlyCount "74"]
[EventDate "2016.12.15"]
[EventType "team-swiss"]
[EventRounds "6"]
[EventCountry "GRE"]
[SourceTitle "CBM 176 Extra"]
[Source "ChessBase"]
[SourceDate "2017.03.02"]
[SourceVersion "1"]
[SourceVersionDate "2017.03.02"]
[SourceQuality "1"]
[WhiteTeam "Volou SE"]
[BlackTeam "Polichnis"]
[WhiteTeamCountry "GRE"]
[BlackTeamCountry "GRE"]

1. e4 c5 2. Nf3 d6 3. Bc4 e6 4. c3 Nf6 5. d3 Nc6 6. Bb3 Be7 7. h3 0-0 8. Be3 Bd7 9. Bc2 Rc8 10. b3 Qc7 11. 0-0 d5 12. exd5 Nxd5 13. Qd2 Nxe3 14. Qxe3 Qa5 15. d4 cxd4 16. Qd3 g6 17. cxd4 Nb4 18. Qd2 Rxc2 19. Qe3 Bf6 20. a3 Rcc8 21. Qd2 Nc6 22. b4 Qb6 23. Rd1 Rfd8 24. Nc3 Nxd4 25. Nxd4 Bxd4 26. Qxd4 Qxd4 27. Rxd4 Rxc3 28. Rad1 Rc7 29. a4 Kf8 30. a5 a6 31. R1d3 Ke7 32. Rh4 h5 33. Rf3 Bb5 34. Rhf4 f5 35. Rb3 g5 36. Rff3 Rc1+ 37. Kh2 Rdd1 0-1

[Event "Nea Moudania op 2nd"]
[Site "Nea Moudania"]
[Date "2016.08.30"]
[Round "9"]
[White "Kesidis, Odyseas"]
[Black "Nikolakis, Panagiotis Marios"]
[Result "1-0"]
[WhiteElo "2248"]
[BlackElo "1758"]
[PlyCount "69"]
[EventDate "2016.08.22"]
[EventType "swiss"]
[EventRounds "9"]
[EventCountry "GRE"]
[SourceTitle "CBM 174 Extra"]
[Source "ChessBase"]
[SourceDate "2016.10.10"]
[SourceVersion "1"]
[SourceVersionDate "2016.10.10"]
[SourceQuality "1"]

1. e4 c5 2. c3 Nf6 3. e5 Nd5 4. d4 cxd4 5. cxd4 d6 6. Nf3 Nc6 7. Bc4 dxe5 8. dxe5 Ndb4 9. Qxd8+ Nxd8 10. Na3 Bg4 11. Nd4 Ndc6 12. Nxc6 Nxc6 13. f4 0-0-0 14. Be3 e6 15. Nb5 a6 16. Nc3 Bb4 17. Kf2 Bxc3 18. bxc3 Ne7 19. Bc5 Nd5 20. Bd6 h5 21. h3 Bf5 22. Kf3 h4 23. Rhd1 Nc7 24. Bb3 Rd7 25. c4 Rhd8 26. c5 f6 27. Rac1 fxe5 28. fxe5 Bg6 29. Rd4 Rh8 30. Ke3 Nb5 31. Bxe6 Nxd4 32. Kxd4 Re8 33. Bg4 Bf7 34. c6 bxc6 35. Rb1 1-0

[Event "Nea Moudania op 2nd"]
[Site "Nea Moudania"]
[Date "2016.08.28"]
[Round "7"]
[White "Nikolakis, Panagiotis Marios"]
[Black "Papakonstantinou, Dimitrios"]
[Result "1-0"]
[WhiteElo "1758"]
[BlackElo "1990"]
[PlyCount "55"]
[EventDate "2016.08.22"]
[EventType "swiss"]
[EventRounds "9"]
[EventCountry "GRE"]
[SourceTitle "CBM 174 Extra"]
[Source "ChessBase"]
[SourceDate "2016.10.10"]
[SourceVersion "1"]
[SourceVersionDate "2016.10.10"]
[SourceQuality "1"]

1. e4 c5 2. Nf3 d6 3. d4 cxd4 4. Nxd4 Nf6 5. Nc3 a6 6. Bg5 Nbd7 7. Bc4 Qb6 8. Qd2 Qxb2 9. 0-0 e6 10. f4 Qb6 11. Kh1 Nc5 12. Rae1 h6 13. Bh4 Bd7 14. e5 Ng4 15. Nd5 exd5 16. exd6+ Be6 17. f5 Qxd6 18. Bg3 Qb6 19. fxe6 fxe6 20. Nxe6 Nxe6 21. Qxd5 Ne3 22. Rxe3 Qxe3 23. Re1 Qxe1+ 24. Bxe1 Nd8 25. Bd3 Be7 26. Bg6+ Kf8 27. Qf5+ Kg8 28. Ba5 1-0